Normal view
MARC view
- Loch, Christoph H, Chick, Stephen, Huchzermeier, Arnd
Entry Personal Name
001 - CONTROL NUMBER
- control field: 65978
003 - CONTROL NUMBER IDENTIFIER
- control field: NUST
005 - DATE AND TIME OF LATEST TRANSACTION
- control field: 20210628203523.0
008 - FIXED-LENGTH DATA ELEMENTS
- fixed length control field: 210628|| aca||aabn | a|a d
040 ## - CATALOGING SOURCE
- Original cataloging agency: NUST
- Transcribing agency: NUST
100 ## - HEADING--PERSONAL NAME
- Personal name: Loch, Christoph H, Chick, Stephen, Huchzermeier, Arnd
670 ## - SOURCE DATA FOUND
- Source citation: Work cat.: (NUST): Loch, Christoph H, Chick, Stephen, Huchzermeier, Arnd, Management quality and competitiveness, lessons from the industrial excellence award, 2008
